[Event "SLO-chT2 West"]
[Site "Postojna"]
[Date "2009.10.25"]
[Round "4.4"]
[White "Furlan, Albin"]
[Black "Pahor, Milos"]
[Result "0-1"]
[WhiteElo "1986"]
[BlackElo "2062"]
[PlyCount "44"]
[EventDate "2009.10.23"]
[EventType "team-tourn"]
[EventRounds "9"]
[EventCountry "SLO"]
[SourceTitle "EXT 2010"]
[Source "ChessBase"]
[SourceDate "2010.11.25"]
[SourceVersion "1"]
[SourceVersionDate "2010.11.25"]
[SourceQuality "1"]
[WhiteTeam "Sezana"]
[BlackTeam "Nova Gorica"]
[WhiteTeamCountry "SLO"]
[BlackTeamCountry "SLO"]

1. d4 Nf6 2. Nf3 c5 3. Nc3 cxd4 4. Nxd4 d5 5. Bg5 Nbd7 6. Nb3 e6 7. a3 Be7 8. e3 0-0 9. Be2 b6 10. 0-0 Bb7 11. Rc1 Rc8 12. Bh4 Bxa3 13. bxa3 Rxc3 14. Qd4 Qc7 15. Bb5 e5 16. Qd2 Ne4 17. Qe2 Ndc5 18. Nxc5 Qxc5 19. Bd3 Rc8 20. Qg4 Rxd3 21. cxd3 Qxc1 22. Qxc8+ Qxc8 0-1

[Event "SLO-chT2 West"]
[Site "Kranj"]
[Date "2008.10.12"]
[Round "3.4"]
[White "Hajna, Tadej"]
[Black "Furlan, Albin"]
[Result "1-0"]
[WhiteElo "1942"]
[BlackElo "2001"]
[PlyCount "61"]
[EventDate "2008.10.11"]
[EventType "team-swiss"]
[EventRounds "9"]
[EventCountry "SLO"]
[SourceTitle "EXT 2010"]
[Source "ChessBase"]
[SourceDate "2010.11.25"]
[SourceVersion "1"]
[SourceVersionDate "2010.11.25"]
[SourceQuality "1"]
[WhiteTeam "Postojna"]
[BlackTeam "Sezana"]
[WhiteTeamCountry "SLO"]
[BlackTeamCountry "SLO"]

1. e4 e6 2. d4 d5 3. exd5 exd5 4. Nf3 Bd6 5. Bd3 Ne7 6. c3 Bg4 7. Be3 0-0 8. Nbd2 Nd7 9. Qc2 f5 10. h3 Bxf3 11. Nxf3 g6 12. h4 Nf6 13. 0-0-0 Qd7 14. Ne5 Qc8 15. f3 c6 16. Rdg1 b5 17. Bh6 Re8 18. Bg5 Nh5 19. g4 fxg4 20. fxg4 Ng7 21. h5 Qe6 22. hxg6 Bxe5 23. dxe5 Nxg6 24. Bf6 Qf7 25. Rh6 Nxe5 26. Bxh7+ Kf8 27. Rf1 Ne6 28. Bg7+ Kxg7 29. Rxf7+ Kxf7 30. Qf5+ Kg7 31. Qf6# 1-0

[Event "SLO-chT2 West"]
[Site "Kranj"]
[Date "2005.10.14"]
[Round "1.2"]
[White "Furlan, Albin"]
[Black "Trivuncevic, Bosko"]
[Result "1/2-1/2"]
[WhiteElo "2001"]
[BlackElo "2023"]
[PlyCount "57"]
[EventDate "2005.10.14"]
[EventType "team"]
[EventRounds "5"]
[EventCountry "SLO"]
[SourceTitle "EXT 2009"]
[Source "ChessBase"]
[SourceDate "2008.11.26"]
[SourceVersion "1"]
[SourceVersionDate "2008.11.26"]
[SourceQuality "1"]

1. d4 Nc6 2. Nf3 d6 3. c4 Nf6 4. Nc3 Bg4 5. e3 e5 6. Be2 Be7 7. d5 Nb8 8. h3 Bc8 9. Qc2 Nbd7 10. 0-0 Nf8 11. b4 Ng6 12. a4 0-0 13. Rd1 Bd7 14. Ba3 Qc8 15. Bf1 b6 16. b5 a5 17. Nh2 Nh4 18. Ra2 Ng6 19. Bc1 Nh5 20. Qe2 Nf6 21. f4 exf4 22. exf4 Re8 23. Qf2 Nh5 24. Qf3 Nf6 25. Re1 Nh4 26. Qf2 Ng6 27. Qf3 Nh4 28. Qf2 Ng6 29. Nf3 1/2-1/2

[Event "Nova Gorica op-B 10th"]
[Site "Nova Gorica"]
[Date "2005.02.01"]
[Round "7"]
[White "Furlan, Albin"]
[Black "Plaskan, Jure"]
[Result "1/2-1/2"]
[WhiteElo "2083"]
[BlackElo "2031"]
[PlyCount "97"]
[EventDate "2005.01.28"]
[EventType "swiss"]
[EventRounds "9"]
[EventCountry "SLO"]
[SourceTitle "CBM 104 Extra"]
[Source "ChessBase"]
[SourceDate "2005.03.01"]
[SourceVersion "1"]
[SourceVersionDate "2005.03.01"]
[SourceQuality "1"]

1. d4 Nf6 2. c4 c5 3. Nc3 cxd4 4. Qxd4 Nc6 5. Qd1 g6 6. g3 Bg7 7. Bg2 0-0 8. e3 d6 9. Nge2 Be6 10. b3 Rc8 11. Bb2 Qd7 12. Nf4 Bf5 13. 0-0 g5 14. Nd3 Bg6 15. Nb5 a6 16. Nd4 Nxd4 17. Bxd4 b5 18. Rc1 bxc4 19. bxc4 Qe6 20. c5 Qf5 21. Bxf6 Bxf6 22. e4 Qe6 23. cxd6 Qxd6 24. Qe2 Qa3 25. f4 Rcd8 26. Rcd1 Bd4+ 27. Kh1 f6 28. Ne1 Bb6 29. Rxd8 Rxd8 30. fxg5 fxg5 31. Qc4+ Kg7 32. Nc2 Qc5 33. Qxc5 Bxc5 34. Na1 Bb6 35. Nb3 Rc8 36. Rd1 Rc2 37. Rd2 Rxd2 38. Nxd2 Bf7 39. Bf1 a5 40. Nc4 Bc7 41. Kg2 Kf6 42. Kf3 h5 43. h3 Be6 44. g4 hxg4+ 45. hxg4 Bxc4 46. Bxc4 Ke5 47. Bg8 Bb6 48. Bb3 Kd4 49. Bf7 1/2-1/2

[Event "Nova Gorica op-B 10th"]
[Site "Nova Gorica"]
[Date "2005.01.28"]
[Round "1"]
[White "Furlan, Albin"]
[Black "Valic, Marjan"]
[Result "1-0"]
[WhiteElo "2083"]
[BlackElo "1565"]
[PlyCount "51"]
[EventDate "2005.01.28"]
[EventType "swiss"]
[EventRounds "9"]
[EventCountry "SLO"]
[SourceTitle "CBM 104 Extra"]
[Source "ChessBase"]
[SourceDate "2005.03.01"]
[SourceVersion "1"]
[SourceVersionDate "2005.03.01"]
[SourceQuality "1"]

1. d4 d5 2. Nf3 Bf5 3. e3 a6 4. c4 Nf6 5. Nc3 e6 6. Be2 Bb4 7. 0-0 Bxc3 8. bxc3 0-0 9. Qb3 b6 10. Ne5 c6 11. g4 Be4 12. f3 Bg6 13. cxd5 cxd5 14. a4 Nfd7 15. Nxd7 Nxd7 16. c4 dxc4 17. Bxc4 h5 18. h3 Qh4 19. Kg2 Nf6 20. Ba3 Rfe8 21. Bd6 hxg4 22. hxg4 Nd7 23. Rh1 Qg5 24. Rh3 Qxe3 25. Qxe3 b5 26. Rah1 1-0

[Event "SLO-chT West"]
[Site "Bled"]
[Date "2004.11.13"]
[Round "7"]
[White "Furlan, Albin"]
[Black "Jeraj, Zlatko"]
[Result "1/2-1/2"]
[WhiteElo "2112"]
[BlackElo "2095"]
[PlyCount "48"]
[EventDate "2004.11.05"]
[EventType "team"]
[EventRounds "9"]
[EventCountry "SLO"]
[SourceTitle "EXT 2009"]
[Source "ChessBase"]
[SourceDate "2008.11.26"]
[SourceVersion "1"]
[SourceVersionDate "2008.11.26"]
[SourceQuality "1"]

1. d4 d5 2. Nf3 Nf6 3. e3 g6 4. c4 c6 5. Nc3 Bg7 6. Be2 0-0 7. 0-0 Nbd7 8. cxd5 cxd5 9. b3 Re8 10. Bb2 e5 11. dxe5 Nxe5 12. Nxe5 Rxe5 13. Nb5 Re8 14. Rc1 Re7 15. Bf3 Be6 16. Nd4 Rc8 17. Nxe6 fxe6 18. Qd2 Rc6 19. e4 Rd7 20. exd5 exd5 21. Bd4 Ne4 22. Qb2 Bh6 23. Rcd1 Bf4 24. g3 Bh6 1/2-1/2

[Event "SLO-chT West"]
[Site "Bled"]
[Date "2004.11.06"]
[Round "2"]
[White "Furlan, Albin"]
[Black "Vospernik, Andrej"]
[Result "0-1"]
[WhiteElo "2112"]
[BlackElo "2177"]
[PlyCount "72"]
[EventDate "2004.11.05"]
[EventType "team"]
[EventRounds "9"]
[EventCountry "SLO"]
[SourceTitle "EXT 2009"]
[Source "ChessBase"]
[SourceDate "2008.11.26"]
[SourceVersion "1"]
[SourceVersionDate "2008.11.26"]
[SourceQuality "1"]

1. d4 Nf6 2. c4 e5 3. e3 exd4 4. exd4 d5 5. Nc3 Bb4 6. a3 Bxc3+ 7. bxc3 0-0 8. Bd3 c5 9. Ne2 Be6 10. cxd5 Bxd5 11. 0-0 cxd4 12. cxd4 Nc6 13. h3 Qd7 14. Be3 Rfd8 15. Qb1 h6 16. Rd1 Ne7 17. Nf4 Rac8 18. Rc1 Bc6 19. Bf1 Nfd5 20. Nxd5 Nxd5 21. Qd3 a6 22. Qd2 Re8 23. Rc5 Re6 24. Bd3 Re7 25. Re1 Rce8 26. Rcc1 Qd6 27. Ra1 b5 28. Bf1 Re6 29. a4 bxa4 30. Bxa6 Qe7 31. Bc4 Nxe3 32. Bxe6 Nxg2 33. Bxf7+ Qxf7 34. Rxe8+ Qxe8 35. d5 Qg6 36. Kh2 Nh4 0-1